000 01049cam a22002891a 4500
001 l 27000291
003 DLC
005 20260227111531.0
008 790326s1927 dcu b f000 0 eng
010 _al 27000291
035 _a(OCoLC)4783952
040 _aDLC
_cOCl
_dMnHi
_dOCoLC
_dDLC
042 _apremarc
043 _an-us-mn
_an-us-ny
_an-us-nc
050 0 0 _aHV741
_b.C8
100 1 _aCurry, H.
_q(Hannah Ida).
245 1 0 _aPublic child-caring work in certain counties of Minnesota, North Carolina, and New York /
_cby H. Ida Curry.
260 _aWashington :
_bU.S. G.P.O.,
_c1927.
300 _av, 96 p. ;
_c24 cm.
490 1 _aBureau publication / United States, Children's Bureau ;
_vno. 173
500 _aAt head of title: U.S. Dept. of Labor. Children's bureau.
500 _aIncludes bibliographical references.
650 0 _aChild welfare
_zMinnesota.
650 0 _aChild welfare
_zNorth Carolina.
650 0 _aChild welfare
_zNew York (State)
830 0 _aBureau publication (United States. Childrens Bureau) ;
_vno. 173
999 _c35861
_d35861